[Event "PRVA LIGA CENTRALNE SRBIJE 2015"]
[Site "Kragujevac"]
[Date "2015.09.07"]
[Round "4.1"]
[White "Nestorovic, Dejan"]
[Black "Jevdjovic, Milorad"]
[Result "1-0"]
[WhiteElo "2402"]
[BlackElo "2290"]
[PlyCount "82"]
[EventDate "2015.09.05"]

1. d4 Nf6 2. c4 g6 3. Nc3 Bg7 4. e4 d6 5. Be2 O-O 6. Bg5 h6 7. Be3 Nbd7 8. Qd2
Kh7 9. f3 e5 10. d5 Nh5 11. O-O-O a6 12. Kb1 b5 13. cxb5 axb5 14. Bxb5 Ba6 15.
Rc1 Qc8 16. Nge2 Rb8 17. a4 Rd8 18. Qd3 Ra8 19. Qc4 Nf4 20. Nxf4 exf4 21. Bxf4
Nb6 22. Qb3 Nd7 23. Be3 Rb8 24. Rhd1 Qb7 25. Rd2 Nc5 26. Qc4 Bxb5 27. axb5 Qa7
28. Bd4 Nb3 29. Qxb3 Bxd4 30. Re2 Ra8 31. Qc4 Rdb8 32. Kc2 Rb7 33. Kd3 Be5 34.
g3 Rab8 35. Rb1 Qa5 36. f4 Bg7 37. e5 dxe5 38. fxe5 h5 39. Kc2 Re8 40. Rbe1 Qa8
41. Qf4 Rf8 1-0

[Event "PRVA LIGA CENTRALNE SRBIJE 2015"]
[Site "Kragujevac"]
[Date "2015.09.07"]
[Round "4.1"]
[White "Kiproski, Branislav"]
[Black "Markovic, Zoran S"]
[Result "1/2-1/2"]
[WhiteElo "2240"]
[BlackElo "2367"]
[PlyCount "34"]
[EventDate "2015.09.05"]

1. d4 d5 2. c4 e6 3. Nf3 Nf6 4. g3 Be7 5. Bg2 O-O 6. O-O dxc4 7. Qc2 a6 8. a4
Bd7 9. Rd1 Bc6 10. Nc3 Bxf3 11. Bxf3 Nc6 12. Bxc6 bxc6 13. a5 Qb8 14. Qa4 c5
15. Qxc4 cxd4 16. Rxd4 c5 17. Rd1 Qb4 1/2-1/2

[Event "PRVA LIGA CENTRALNE SRBIJE 2015"]
[Site "Kragujevac"]
[Date "2015.09.07"]
[Round "4.1"]
[White "Milenkovic, Mladen"]
[Black "Baralic, Milan"]
[Result "1-0"]
[WhiteElo "2317"]
[BlackElo "2195"]
[PlyCount "55"]
[EventDate "2015.09.05"]

1. e4 c5 2. Nf3 g6 3. d4 cxd4 4. Nxd4 Nc6 5. c4 Nf6 6. Nc3 Nxd4 7. Qxd4 d6 8.
f3 Bg7 9. Be3 O-O 10. Qd2 Be6 11. Be2 Qa5 12. Rc1 Rfc8 13. b3 a6 14. Na4 Qxd2+
15. Kxd2 Nd7 16. f4 Rf8 17. Rhf1 f5 18. exf5 gxf5 19. Bf3 Rab8 20. Rfe1 Bh6 21.
g3 Bf7 22. c5 dxc5 23. Nxc5 Rfd8 24. Ke2 Nxc5 25. Rxc5 e6 26. Rec1 b5 27. Rc7
Bf8 28. Ba7 1-0

[Event "PRVA LIGA CENTRALNE SRBIJE 2015"]
[Site "Kragujevac"]
[Date "2015.09.07"]
[Round "4.1"]
[White "Sevic, Slobodan"]
[Black "Dudukovic, Nikola"]
[Result "1/2-1/2"]
[WhiteElo "2144"]
[BlackElo "2357"]
[PlyCount "70"]
[EventDate "2015.09.05"]

1. e4 e5 2. Bc4 Nf6 3. Qe2 Be7 4. Nf3 d6 5. h3 O-O 6. O-O c6 7. Bb3 Nbd7 8. c3
h6 9. d4 a5 10. Re1 a4 11. Bc2 Re8 12. Nbd2 Bf8 13. Nf1 g6 14. Ng3 Bg7 15. Be3
Qc7 16. Qd2 Kh7 17. Nh2 Nb6 18. b3 axb3 19. axb3 Rxa1 20. Rxa1 d5 21. dxe5 Nxe4
22. Nxe4 dxe4 23. Bxe4 Qxe5 24. Bxc6 bxc6 25. Bxb6 Qxc3 26. Qxc3 Bxc3 27. Rc1
Bb2 28. Rb1 Re2 29. Nf3 Bf5 30. Rd1 Bc2 31. Rd6 Bxb3 32. Rxc6 Re6 33. Rxe6 Bxe6
34. Be3 Bd5 35. Bd4 Bxf3 1/2-1/2

[Event "PRVA LIGA CENTRALNE SRBIJE 2015"]
[Site "Kragujevac"]
[Date "2015.09.07"]
[Round "4.1"]
[White "Organdziev, Oliver"]
[Black "Gavrilovic, Vasilije"]
[Result "1-0"]
[WhiteElo "2307"]
[BlackElo "2081"]
[PlyCount "60"]
[EventDate "2015.09.05"]

1. e4 c6 2. d4 d5 3. e5 Bf5 4. Nf3 e6 5. Be2 Nd7 6. O-O h6 7. Nbd2 c5 8. c4
dxc4 9. Nxc4 a6 10. Be3 b5 11. Nd6+ Bxd6 12. exd6 c4 13. Ne5 Ngf6 14. a4 O-O
15. Nc6 Qe8 16. b3 Kh8 17. Ne7 Be4 18. bxc4 bxc4 19. Bxc4 Nb6 20. Bb3 Qd7 21.
a5 Nc8 22. Nxc8 Rfxc8 23. Bf4 Bc6 24. Re1 Rcb8 25. Ba2 Rb5 26. Be5 Rxa5 27. Qd2
Qd8 28. Bxf6 gxf6 29. Qxh6+ Kg8 30. Bb1 f5 1-0

[Event "PRVA LIGA CENTRALNE SRBIJE 2015"]
[Site "Kragujevac"]
[Date "2015.09.07"]
[Round "4.2"]
[White "Milosavljevic, Ivan"]
[Black "Petkov, Vladimir"]
[Result "0-1"]
[WhiteElo "2087"]
[BlackElo "2481"]
[PlyCount "98"]
[EventDate "2015.09.05"]

1. e4 c5 2. Nf3 d6 3. d4 cxd4 4. Nxd4 Nf6 5. Nc3 a6 6. f3 e5 7. Nb3 Be6 8. Bg5
Nbd7 9. Qd2 h6 10. Be3 Rc8 11. O-O-O Qc7 12. Kb1 b5 13. g4 Nb6 14. Bxb6 Qxb6
15. h4 Be7 16. Nd5 Nxd5 17. exd5 Bd7 18. Bd3 g5 19. hxg5 Bxg5 20. Qg2 Ke7 21.
Rde1 a5 22. Rhf1 Kd8 23. Nd2 a4 24. Ne4 a3 25. Rh1 Qd4 26. bxa3 Ke7 27. Nxg5
hxg5 28. Be4 Qc3 29. Qe2 Qxa3 30. Rxh8 Rxh8 31. Qd2 f6 32. Re3 Qa7 33. Qd3 b4
34. Re1 Qa5 35. Rd1 Qc5 36. Bg6 Rh2 37. Qa6 f5 38. Qd3 fxg4 39. fxg4 Bxg4 40.
Rf1 Rf2 41. Rh1 Bd7 42. Rh7+ Kd8 43. Qa6 g4 44. Bd3 Rg2 45. Rh1 Rg1+ 46. Rxg1
Qxg1+ 47. Kb2 Qd4+ 48. Kb1 e4 49. Be2 g3 0-1

[Event "PRVA LIGA CENTRALNE SRBIJE 2015"]
[Site "Kragujevac"]
[Date "2015.09.07"]
[Round "4.2"]
[White "Paunovic, Tomislav"]
[Black "Djukic, Nebojsa"]
[Result "1-0"]
[WhiteElo "2342"]
[BlackElo "2174"]
[PlyCount "47"]
[EventDate "2015.09.05"]

1. d4 e6 2. c4 Nf6 3. Nc3 d5 4. Nf3 Be7 5. Bf4 a6 6. c5 Nbd7 7. e3 c6 8. Bd3
O-O 9. Qc2 Re8 10. O-O Nf8 11. Na4 N6d7 12. b4 g5 13. Bg3 Ng6 14. Ne5 Ndxe5 15.
dxe5 Qc7 16. f4 Bf8 17. fxg5 Bg7 18. Rf6 Bxf6 19. gxf6 a5 20. Nb6 Bd7 21. Qe2
Kh8 22. Qh5 Rad8 23. Rf1 Rg8 24. Rf4 1-0

[Event "PRVA LIGA CENTRALNE SRBIJE 2015"]
[Site "Kragujevac"]
[Date "2015.09.07"]
[Round "4.2"]
[White "Mladenovic, Stefan"]
[Black "Todorovic, Bojan"]
[Result "1/2-1/2"]
[WhiteElo "2326"]
[BlackElo "2330"]
[PlyCount "26"]
[EventDate "2015.09.05"]

1. d4 Nf6 2. Nf3 g6 3. g3 Bg7 4. Bg2 O-O 5. O-O d5 6. c3 Bf5 7. Nh4 Bg4 8. h3
Bc8 9. Nd2 Nbd7 10. Kh2 e5 11. dxe5 Nxe5 12. Nhf3 Nxf3+ 13. Nxf3 c6 1/2-1/2

[Event "PRVA LIGA CENTRALNE SRBIJE 2015"]
[Site "Kragujevac"]
[Date "2015.09.07"]
[Round "4.2"]
[White "Nikolic, Boban"]
[Black "Livaja, Mario"]
[Result "1/2-1/2"]
[WhiteElo "2236"]
[BlackElo "2246"]
[PlyCount "80"]
[EventDate "2015.09.05"]

1. c4 c5 2. g3 Nc6 3. Bg2 g6 4. Nc3 Bg7 5. Nf3 d6 6. O-O e5 7. a3 Nge7 8. b4
Be6 9. Ng5 Bc8 10. bxc5 dxc5 11. Nge4 O-O 12. Nxc5 Qd4 13. N5e4 Qxc4 14. d3 Qd4
15. Be3 Qd8 16. Bc5 b6 17. Bxe7 Qxe7 18. Nd5 Qd8 19. Nb4 Bb7 20. Nxc6 Bxc6 21.
Rc1 Rc8 22. Qb3 Kh8 23. h4 h6 24. Nd2 Bxg2 25. Kxg2 Qd7 26. a4 f5 27. Rc4 Rxc4
28. Nxc4 Rd8 29. Kg1 Qd4 30. Qb5 f4 31. Qc6 fxg3 32. Qxg6 gxf2+ 33. Rxf2 Rf8
34. e3 Qa1+ 35. Kg2 Rxf2+ 36. Kxf2 Qxa4 37. h5 Qd7 38. Nd6 Kg8 39. Ke2 Qe7 40.
Nc8 Qf7 1/2-1/2

[Event "PRVA LIGA CENTRALNE SRBIJE 2015"]
[Site "Kragujevac"]
[Date "2015.09.07"]
[Round "4.2"]
[White "Todorovic, Nenad I"]
[Black "Arandjelovic, Aleksandar Z"]
[Result "1-0"]
[WhiteElo "2197"]
[BlackElo "2060"]
[PlyCount "79"]
[EventDate "2015.09.05"]

1. e4 c5 2. Nf3 Nc6 3. d4 cxd4 4. Nxd4 Nf6 5. Nc3 e5 6. Ndb5 d6 7. Bg5 a6 8.
Na3 b5 9. Nd5 Be7 10. Bxf6 Bxf6 11. c4 Bg5 12. cxb5 Qa5+ 13. Nc3 Nd4 14. Nc4
Qd8 15. b6 O-O 16. Bd3 Be6 17. Nd5 f5 18. Nc7 Bf7 19. Nxa8 fxe4 20. Be2 e3 21.
fxe3 Bh4+ 22. g3 Qxa8 23. O-O Nxe2+ 24. Qxe2 Be7 25. Rad1 Rd8 26. Rxf7 Kxf7 27.
e4 Qc6 28. Qd3 Kg6 29. Qd5 Qxd5 30. Rxd5 Kf6 31. Ra5 Rc8 32. b3 Bd8 33. Rxa6
Rb8 34. a4 Ke6 35. a5 h5 36. Ra7 g5 37. Rh7 h4 38. b7 h3 39. a6 Be7 40. a7 1-0

[Event "PRVA LIGA CENTRALNE SRBIJE 2015"]
[Site "Kragujevac"]
[Date "2015.09.07"]
[Round "4.2"]
[White "Pejcic, Milutin"]
[Black "Grkovic, Vladan"]
[Result "1/2-1/2"]
[WhiteElo "2192"]
[BlackElo "2167"]
[PlyCount "91"]
[EventDate "2015.09.05"]

1. Nf3 Nf6 2. g3 b6 3. Bg2 Bb7 4. O-O e6 5. c4 Be7 6. d4 d6 7. Nc3 O-O 8. Qc2
c5 9. dxc5 bxc5 10. Rd1 Qb6 11. b3 h6 12. Bb2 Bc6 13. Ne1 Bxg2 14. Kxg2 Nc6 15.
Nf3 Rfd8 16. Ne4 Nxe4 17. Qxe4 a5 18. Bc3 a4 19. Rdb1 Qc7 20. Qc2 axb3 21. axb3
Rxa1 22. Rxa1 Qb7 23. Kg1 Rb8 24. Nd2 Bg5 25. e3 f5 26. Qd3 Rd8 27. f4 Bf6 28.
Bxf6 gxf6 29. e4 Nd4 30. exf5 exf5 31. Kf2 Re8 32. Re1 Rxe1 33. Kxe1 Qg2 34.
Nf1 Qb2 35. Nd2 Qc1+ 36. Kf2 Qb2 37. Ke3 Kg7 38. h3 h5 39. Qb1 Qc3+ 40. Qd3 Qb2
41. Qb1 Qc3+ 42. Qd3 Qa1 43. Qb1 Qa8 44. Kf2 Qb7 45. Qd1 Kg6 46. Nf3 1/2-1/2

[Event "PRVA LIGA CENTRALNE SRBIJE 2015"]
[Site "Kragujevac"]
[Date "2015.09.07"]
[Round "4.3"]
[White "Mrsevic, Miroslav"]
[Black "Dinev, Dejan"]
[Result "0-1"]
[WhiteElo "2268"]
[BlackElo "2299"]
[PlyCount "54"]
[EventDate "2015.09.05"]

1. e4 c5 2. d3 d6 3. g3 Nc6 4. Bg2 Nf6 5. Nc3 e6 6. f4 Be7 7. Nf3 a6 8. O-O Qc7
9. h3 Bd7 10. g4 h6 11. Re1 O-O-O 12. b3 d5 13. e5 Nh7 14. Ne2 g5 15. d4 f5 16.
Ba3 fxg4 17. hxg4 gxf4 18. Bxc5 Bxc5 19. dxc5 Rhg8 20. Qd3 Ng5 21. Nxf4 Nxf3+
22. Qxf3 Nxe5 23. Qc3 Nxg4 24. Rf1 Rdf8 25. Qb4 Bb5 26. Rf3 Be2 27. Rf2 Nxf2
0-1

[Event "PRVA LIGA CENTRALNE SRBIJE 2015"]
[Site "Kragujevac"]
[Date "2015.09.07"]
[Round "4.3"]
[White "Krstic, Ranko"]
[Black "Kahrovic, Mersid"]
[Result "0-1"]
[WhiteElo "2217"]
[BlackElo "2275"]
[PlyCount "46"]
[EventDate "2015.09.05"]

1. Nf3 Nf6 2. g3 e6 3. Bg2 d5 4. d4 c5 5. c4 cxd4 6. cxd5 Qa5+ 7. Nbd2 Qxd5 8.
O-O Nc6 9. Nb3 d3 10. Nfd4 dxe2 11. Qxe2 Nxd4 12. Qd3 Qb5 13. Qxd4 Be7 14. Be3
O-O 15. Rfc1 Nd5 16. Bxd5 exd5 17. Nc5 b6 18. Qxd5 bxc5 19. Qxa8 Bb7 20. Qxa7
Qc6 21. Kf1 Ra8 22. Rxc5 Qg2+ 23. Ke2 Rxa7 0-1

[Event "PRVA LIGA CENTRALNE SRBIJE 2015"]
[Site "Kragujevac"]
[Date "2015.09.07"]
[Round "4.3"]
[White "Brajovic, Miroljub"]
[Black "Stankovic, Ivan G"]
[Result "0-1"]
[WhiteElo "2104"]
[BlackElo "2206"]
[PlyCount "82"]
[EventDate "2015.09.05"]

1. e4 c5 2. c3 d5 3. exd5 Qxd5 4. d4 Nc6 5. Nf3 e6 6. Be2 Nf6 7. O-O Be7 8. Na3
cxd4 9. Nb5 Qd8 10. Nfxd4 O-O 11. Nxc6 bxc6 12. Nd4 Qb6 13. Bf3 Bb7 14. Be3 c5
15. Nb3 Bxf3 16. Qxf3 Nd5 17. Rab1 a5 18. Nd2 Nxe3 19. Qxe3 Rfd8 20. Nc4 Qb5
21. Na3 Qa6 22. c4 Rd7 23. Rfd1 Rad8 24. Rxd7 Rxd7 25. Nb5 Qc8 26. Qb3 Qd8 27.
h3 Rd2 28. Qf3 g6 29. Nc3 Qd4 30. Qe3 Qxe3 31. fxe3 Bg5 32. Nd1 Rc2 33. Kf1 Kg7
34. a3 Rxc4 35. Ke2 Rc2+ 36. Kf3 Be7 37. Nc3 f5 38. Na4 Bf6 39. g3 e5 40. e4
fxe4+ 41. Ke3 Bg5+ 0-1

[Event "PRVA LIGA CENTRALNE SRBIJE 2015"]
[Site "Kragujevac"]
[Date "2015.09.07"]
[Round "4.3"]
[White "Jovic, Stanoje"]
[Black "Kijanovic, Igor"]
[Result "1/2-1/2"]
[WhiteElo "2290"]
[BlackElo "2064"]
[PlyCount "74"]
[EventDate "2015.09.05"]

1. c4 e5 2. Nc3 Nc6 3. Nf3 g6 4. d4 exd4 5. Nd5 h6 6. Nxd4 Nb4 7. Nxb4 Bxb4+ 8.
Bd2 Bxd2+ 9. Qxd2 Ne7 10. Nb5 Nc6 11. Qe3+ Kf8 12. Qc3 Rg8 13. g3 a6 14. Na3
Qe7 15. Qd2 Kg7 16. Bg2 Re8 17. e3 d6 18. O-O Bd7 19. Nc2 Rab8 20. Nd4 Nxd4 21.
exd4 Qf6 22. a4 Bg4 23. Rfe1 Bf3 24. a5 Bxg2 25. Kxg2 c5 26. d5 Rxe1 27. Rxe1
b5 28. b4 bxc4 29. bxc5 c3 30. Qe3 dxc5 31. Qxc5 Rb5 32. Qc4 Rxa5 33. Re3 Ra3
34. Rd3 Qd6 35. Rxc3 Rxc3 36. Qxc3+ Kf8 37. Qa5 h5 1/2-1/2

[Event "PRVA LIGA CENTRALNE SRBIJE 2015"]
[Site "Kragujevac"]
[Date "2015.09.07"]
[Round "4.3"]
[White "Vizlina, Branisa"]
[Black "Milosevic, Zoran"]
[Result "1/2-1/2"]
[WhiteElo "2045"]
[BlackElo "2238"]
[PlyCount "188"]
[EventDate "2015.09.05"]

1. e4 c5 2. Nf3 e6 3. c3 a6 4. d4 cxd4 5. cxd4 d6 6. Nc3 Nf6 7. Bd3 b5 8. a3
Bb7 9. O-O Nbd7 10. h3 Be7 11. Be3 Rc8 12. Nh2 Nb6 13. Qe2 O-O 14. Rad1 Nc4 15.
Rc1 Qb6 16. Rfd1 Nxe3 17. Qxe3 h6 18. Bb1 Rc4 19. Nf3 Rfc8 20. Bd3 R4c7 21. Rb1
Qa7 22. Nd2 Nd7 23. Nb3 Bf6 24. Be2 Nf8 25. Qg3 Qb6 26. Qd3 Ng6 27. g3 b4 28.
axb4 Qxb4 29. Na1 Nf8 30. Nc2 Qb3 31. Ne3 g6 32. Ng4 Bg7 33. Qd2 Kh7 34. Ra1
Qb6 35. Ra3 Nd7 36. h4 h5 37. Nh2 Nf6 38. Bf3 d5 39. e5 Ne4 40. Bxe4 dxe4 41.
Qe2 Rd7 42. Na4 Qd8 43. Rb3 Rxd4 44. Rxd4 Qxd4 45. Rxb7 Qxa4 46. Rxf7 Rc1+ 47.
Nf1 Qb5 48. Qxb5 axb5 49. Re7 Rb1 50. b3 e3 51. fxe3 Rxb3 52. Kf2 Kg8 53. Kf3
Kf8 54. Rxe6 Kf7 55. Rb6 Bxe5 56. Nd2 Rb2 57. Ne4 b4 58. Ng5+ Kg7 59. Rb7+ Kg8
60. Rb5 Bc3 61. Ne4 Kf7 62. Rb6 Be5 63. Ng5+ Kg7 64. Rb7+ Kg8 65. Ne6 Rb1 66.
Nc5 Rf1+ 67. Kg2 Rb1 68. Nd3 Bc3 69. Rc7 Rd1 70. Nc5 Rb1 71. Rb7 Be5 72. Kf3
Rf1+ 73. Kg2 Rb1 74. Nd3 Bc3 75. Kf3 b3 76. Kf4 b2 77. Kg5 Rg1 78. Nxb2 Rxg3+
79. Kh6 Bxb2 80. Rxb2 Kf7 81. Rb6 Rg4 82. Ra6 Rxh4 83. Rxg6 Rh1 84. Rg7+ Kf6
85. Rg6+ Kf7 86. Rg7+ Kf8 87. Rg2 h4 88. Kh5 h3 89. Rf2+ Ke7 90. Kh4 Ke6 91.
Kg3 Ke5 92. Rh2 Rxh2 93. Kxh2 Ke4 94. Kxh3 Kxe3 1/2-1/2

[Event "PRVA LIGA CENTRALNE SRBIJE 2015"]
[Site "Kragujevac"]
[Date "2015.09.07"]
[Round "4.4"]
[White "Radovanovic, Mihajlo"]
[Black "Sorgic, Dragan"]
[Result "1/2-1/2"]
[WhiteElo "2421"]
[BlackElo "2215"]
[PlyCount "97"]
[EventDate "2015.09.05"]

1. Nf3 Nf6 2. c4 g6 3. g3 Bg7 4. Bg2 d6 5. d4 O-O 6. O-O c6 7. Nc3 Be6 8. d5
cxd5 9. cxd5 Bd7 10. h3 a5 11. a4 Qb6 12. Ne1 Rc8 13. Nd3 Na6 14. Be3 Qd8 15.
f4 Bf5 16. Nf2 Ne8 17. Bd2 Qb6 18. e4 Bd7 19. Rb1 Nb4 20. Kh2 Nc7 21. Qe2 Qa6
22. Qf3 b5 23. b3 Qb7 24. Rfc1 bxa4 25. bxa4 Nca6 26. Bf1 Nc5 27. Bb5 Bxb5 28.
axb5 Bxc3 29. Bxc3 Qxb5 30. f5 Ncd3 31. fxg6 hxg6 32. Ng4 Qe8 33. Ba1 Nxc1 34.
Qf4 Rc2+ 35. Kh1 Ne2 36. Nh6+ Kf8 37. Qh4 Qc8 38. Nf5 Nxg3+ 39. Nxg3 Rc1+ 40.
Kg2 Qc2+ 41. Kf3 Qd1+ 42. Kf4 Qd2+ 43. Kg4 f5+ 44. Nxf5 gxf5+ 45. Kxf5 Nxd5 46.
Qh8+ Kf7 47. Qh5+ Kf8 48. Qh8+ Kf7 49. Qh5+ 1/2-1/2

[Event "PRVA LIGA CENTRALNE SRBIJE 2015"]
[Site "Kragujevac"]
[Date "2015.09.07"]
[Round "4.4"]
[White "Nikolic, Dragovan"]
[Black "Rajkovic, Dusan"]
[Result "0-1"]
[WhiteElo "2245"]
[BlackElo "2367"]
[PlyCount "108"]
[EventDate "2015.09.05"]

1. d4 g6 2. Nf3 Bg7 3. Bf4 f5 4. Qd2 d6 5. Nc3 h6 6. h4 Nf6 7. O-O-O c6 8. Kb1
Be6 9. Re1 b5 10. e3 Nbd7 11. d5 Nxd5 12. Ne2 N7f6 13. Ng3 b4 14. e4 fxe4 15.
Nxe4 Nxe4 16. Rxe4 Bf5 17. Rc4 Qb6 18. Bd3 Nc3+ 19. Kc1 Nxa2+ 20. Kd1 d5 21.
Be3 Qa6 22. Rc5 Bxd3 23. cxd3 e5 24. Qc2 Kd7 25. Qb3 Rhf8 26. Re1 Rae8 27. Kc2
e4 28. dxe4 dxe4 29. Rd1+ Kc7 30. Nd4 Bxd4 31. Rxd4 Rd8 32. Rdc4 Rd6 33. Kb1
Nc3+ 34. bxc3 bxc3 35. Qa4 Rb8+ 36. Kc1 Qb7 37. Rxc6+ Rxc6 38. Bf4+ Kd8 39.
Qa5+ Ke8 40. Rxe4+ Kf7 41. Qd5+ Kg7 42. Qe5+ Rf6 43. Qxb8 Qxe4 44. Qxa7+ Kg8
45. Be3 Qxg2 46. Qb8+ Rf8 47. Qc7 Qh1+ 48. Kc2 Qxh4 49. f4 Qf6 50. Qc4+ Kh7 51.
Qc7+ Rf7 52. Qb8 Rd7 53. Kc1 Qe6 54. Bf2 Qe2 0-1

[Event "PRVA LIGA CENTRALNE SRBIJE 2015"]
[Site "Kragujevac"]
[Date "2015.09.07"]
[Round "4.4"]
[White "Stankovic, Dragan P"]
[Black "Vojinovic, Luka"]
[Result "1/2-1/2"]
[WhiteElo "2254"]
[BlackElo "2122"]
[PlyCount "89"]
[EventDate "2015.09.05"]

1. g3 d5 2. Nf3 c5 3. Bg2 Nc6 4. d4 Nf6 5. O-O e6 6. e3 Be7 7. b3 O-O 8. Nbd2
b5 9. dxc5 Bxc5 10. Bb2 Qe7 11. c4 Ba6 12. Bxf6 Qxf6 13. cxd5 exd5 14. Re1 Rad8
15. Qc2 Bb6 16. a3 Rc8 17. Qd3 Rfd8 18. Rac1 Qb2 19. Rb1 Qf6 20. Rbc1 Qg6 21.
Qxg6 hxg6 22. Bf1 d4 23. exd4 Nxd4 24. Nxd4 Bxd4 25. Ne4 Rxc1 26. Rxc1 Bb7 27.
Ng5 Bd5 28. Bxb5 Bxb3 29. Bc4 Bb2 30. Rb1 Bxc4 31. Rxb2 f6 32. Ne4 Rd1+ 33. Kg2
Bd5 34. f3 Rd3 35. a4 g5 36. h3 Ra3 37. Rb4 Kh7 38. Rd4 Bc6 39. Rc4 Ra2+ 40.
Kg1 Bb7 41. Nxf6+ gxf6 42. Rc7+ Kg6 43. Rxb7 Rxa4 44. Kf2 Ra3 45. h4 1/2-1/2

[Event "PRVA LIGA CENTRALNE SRBIJE 2015"]
[Site "Kragujevac"]
[Date "2015.09.07"]
[Round "4.5"]
[White "Ninov, Nikolai"]
[Black "Milanovic, Slavisa"]
[Result "1/2-1/2"]
[WhiteElo "2436"]
[BlackElo "2381"]
[PlyCount "26"]
[EventDate "2015.09.05"]

1. e4 e6 2. d4 d5 3. Nc3 Bb4 4. e5 c5 5. a3 Bxc3+ 6. bxc3 Qa5 7. Bd2 Ne7 8. Qg4
O-O 9. Bd3 Nbc6 10. Qh5 Ng6 11. Nf3 c4 12. Ng5 h6 13. Nxf7 Nf4 1/2-1/2

[Event "PRVA LIGA CENTRALNE SRBIJE 2015"]
[Site "Kragujevac"]
[Date "2015.09.07"]
[Round "4.5"]
[White "Lukovic, Vladimir"]
[Black "Lapcevic, Milos"]
[Result "1/2-1/2"]
[WhiteElo "2438"]
[BlackElo "2376"]
[PlyCount "31"]
[EventDate "2015.09.05"]

1. e4 c5 2. Nf3 d6 3. d4 cxd4 4. Qxd4 Nc6 5. Bb5 Bd7 6. Qd3 Nf6 7. c4 g6 8. O-O
Bg7 9. Nc3 O-O 10. h3 a6 11. Bxc6 Bxc6 12. Be3 Nd7 13. Nd4 Nc5 14. Qc2 Ne6 15.
Nxe6 fxe6 16. Rac1 1/2-1/2

[Event "PRVA LIGA CENTRALNE SRBIJE 2015"]
[Site "Kragujevac"]
[Date "2015.09.07"]
[Round "4.5"]
[White "Blesic, Vaso"]
[Black "Ilic, Dragan M"]
[Result "1/2-1/2"]
[WhiteElo "2365"]
[BlackElo "2354"]
[PlyCount "20"]
[EventDate "2015.09.05"]

1. e4 e6 2. d4 d5 3. Nc3 Bb4 4. Nge2 dxe4 5. a3 Bxc3+ 6. Nxc3 Nc6 7. d5 exd5 8.
Qxd5 Nf6 9. Qxd8+ Nxd8 10. Bg5 Ng4 1/2-1/2

[Event "PRVA LIGA CENTRALNE SRBIJE 2015"]
[Site "Kragujevac"]
[Date "2015.09.07"]
[Round "4.6"]
[White "Zajic, Milan"]
[Black "Kuzubov, Yuriy"]
[Result "0-1"]
[WhiteElo "2472"]
[BlackElo "2636"]
[PlyCount "130"]
[EventDate "2015.09.05"]

1. e4 e6 2. d4 d5 3. Nc3 Bb4 4. Bd3 dxe4 5. Bxe4 Nf6 6. Bf3 c5 7. Nge2 cxd4 8.
Qxd4 Qe7 9. O-O Nbd7 10. Re1 Bc5 11. Qa4 O-O 12. Ng3 Rd8 13. Bg5 Qf8 14. Rad1
h6 15. Bf4 e5 16. Be3 Bxe3 17. Rxe3 Nb6 18. Qb5 Rxd1+ 19. Nxd1 Bg4 20. Rxe5
Bxf3 21. gxf3 Nfd5 22. c4 Nc7 23. Qb3 Qd6 24. Re1 Ne6 25. Ne3 Qf4 26. Kg2 Rd8
27. Qc3 Na4 28. Qc2 Nac5 29. Nd5 Qxf3+ 30. Kxf3 Nd4+ 31. Kg2 Nxc2 32. Rd1 Kf8
33. a3 a5 34. Ne2 Nb3 35. Kf1 Rc8 36. Rd3 Nc5 37. Rc3 Na1 38. f3 Na4 39. Rc1
Nb3 40. Rc2 Na1 41. Rd2 Rxc4 42. Ne3 Rc8 43. b4 axb4 44. axb4 Nb3 45. Rd7 b5
46. Rb7 Nb2 47. Nf5 Nd3 48. Rxb5 g6 49. Nfd4 Nxd4 50. Nxd4 Rc4 51. Ne2 Nxb4 52.
Kf2 Nc6 53. Rb6 Ne7 54. Rd6 Rc2 55. Ke1 Nf5 56. Rd2 Rc4 57. Kf2 Rh4 58. Kg1 Kg7
59. Ng3 Nd4 60. Rd3 Ne6 61. Re3 Ra4 62. Re2 Ra3 63. Kf2 Ng5 64. h4 Nxf3 65. h5
Nh4 0-1

[Event "PRVA LIGA CENTRALNE SRBIJE 2015"]
[Site "Kragujevac"]
[Date "2015.09.07"]
[Round "4.6"]
[White "Milanovic, Danilo"]
[Black "Radovanovic, Nikola"]
[Result "1-0"]
[WhiteElo "2462"]
[BlackElo "2407"]
[PlyCount "119"]
[EventDate "2015.09.05"]

1. d4 Nf6 2. c4 g6 3. Nc3 Bg7 4. e4 d6 5. Bd3 O-O 6. Nge2 e5 7. d5 a5 8. O-O
Na6 9. f3 Nd7 10. a3 Nac5 11. Bc2 Nb6 12. b3 f5 13. Rb1 f4 14. b4 Ncd7 15. Qd3
h5 16. Bd2 g5 17. Nb5 axb4 18. axb4 Rf6 19. Ra1 Rxa1 20. Rxa1 g4 21. Bb3 Kh8
22. Na7 Rg6 23. Nc3 Nf8 24. Nxc8 Qxc8 25. Bd1 Nbd7 26. fxg4 hxg4 27. Bxg4 Qd8
28. Bf5 Rh6 29. Rf1 c6 30. Ne2 c5 31. b5 Ng6 32. g3 Ne7 33. Be6 Rg6 34. Kh1
fxg3 35. Nxg3 Nf8 36. Bf7 Rf6 37. Rxf6 Bxf6 38. Qf3 Nh7 39. Nh5 Qf8 40. Be6 Ng6
41. Qf5 Nh4 42. Qf2 Ng6 43. Qf5 Nh4 44. Qf1 Ng6 45. Nxf6 Qxf6 46. Qxf6+ Nxf6
47. Ba5 Nxe4 48. Bc8 Nf2+ 49. Kg1 Nd1 50. Bxb7 Ne3 51. Bc6 Nf4 52. h4 Nxc4 53.
Bc7 Ne2+ 54. Kf2 Nd4 55. b6 Nxc6 56. dxc6 Na5 57. b7 Nxc6 58. Bxd6 Kh7 59. b8=Q
Nxb8 60. Bxb8 1-0

[Event "PRVA LIGA CENTRALNE SRBIJE 2015"]
[Site "Kragujevac"]
[Date "2015.09.07"]
[Round "4.6"]
[White "Dezelin, Milan"]
[Black "Savic, Miodrag R"]
[Result "0-1"]
[WhiteElo "2261"]
[BlackElo "2503"]
[PlyCount "106"]
[EventDate "2015.09.05"]

1. d4 Nf6 2. c4 e6 3. Nc3 d5 4. Nf3 Be7 5. Bf4 O-O 6. e3 Nc6 7. Rc1 a6 8. h3
dxc4 9. Bxc4 Bd6 10. Bxd6 cxd6 11. O-O b5 12. Be2 Ne7 13. Nd2 Ra7 14. a4 b4 15.
Nce4 Nxe4 16. Nxe4 Rc7 17. Qb3 a5 18. Bb5 Bb7 19. Qd3 Nf5 20. Rxc7 Qxc7 21. Nd2
Nh4 22. e4 Rc8 23. g3 Ng6 24. Nb3 Qb6 25. Rc1 Rxc1+ 26. Nxc1 Ne7 27. Nb3 g6 28.
h4 h5 29. Kf1 Kg7 30. Ke2 Nc8 31. Qc4 Na7 32. f3 Nxb5 33. axb5 a4 34. Nc1 a3
35. Qxb4 axb2 36. Qxb2 Ba6 37. Nd3 Bxb5 38. Kd2 Qa5+ 39. Nb4 Bc4 40. d5+ e5 41.
Qc3 Qc5 42. Nd3 Qb5 43. f4 Bxd3 44. Qxd3 Qb2+ 45. Qc2 Qd4+ 46. Ke2 exf4 47.
gxf4 Qf6 48. Qd2 Qxh4 49. Qd4+ f6 50. Qe3 Qh2+ 51. Kd3 h4 52. Qa7+ Kh6 53. f5
gxf5 0-1

[Event "PRVA LIGA CENTRALNE SRBIJE 2015"]
[Site "Kragujevac"]
[Date "2015.09.07"]
[Round "4.6"]
[White "Arsovic, Zoran"]
[Black "Djordjevic, Vuk"]
[Result "1-0"]
[WhiteElo "2421"]
[BlackElo "2209"]
[PlyCount "119"]
[EventDate "2015.09.05"]

1. Nf3 d5 2. g3 c5 3. Bg2 Nc6 4. d4 e6 5. O-O Nf6 6. c4 Be7 7. dxc5 O-O 8. cxd5
Nxd5 9. a3 Bxc5 10. Qc2 Be7 11. Rd1 Qe8 12. Ng5 Bxg5 13. Bxg5 f6 14. Bd2 Qf7
15. Nc3 Nxc3 16. Bxc3 e5 17. Be4 Kh8 18. Rd6 Be6 19. Qd3 Bc4 20. Qf3 Rad8 21.
Rxd8 Rxd8 22. Qf5 g6 23. Qf3 Bd5 24. Rd1 Bxe4 25. Rxd8+ Nxd8 26. Qxe4 Nc6 27.
Kg2 Kg7 28. f4 Qe6 29. fxe5 fxe5 30. g4 h6 31. h3 Kg8 32. Kg3 Kg7 33. Bd2 Qd6
34. Qe3 g5 35. Bc3 Qd5 36. Qf3 Qc5 37. Kg2 a6 38. Qd3 Qe7 39. Qd5 Kh7 40. b4
Kg7 41. e3 Kf6 42. Kf3 Qc7 43. Qc5 Ke6 44. Qc4+ Kd6 45. Qd3+ Ke6 46. Qg6+ Kd5
47. Qg8+ Kd6 48. Ke4 Qe7 49. Qd5+ Kc7 50. Bxe5+ Kc8 51. Qg8+ Nd8 52. Qg7 Nf7
53. Qf6 Qe8 54. Qf5+ Kd8 55. Kd4 Qa4 56. Qxf7 Qd1+ 57. Kc5 Qc1+ 58. Qc4 b6+ 59.
Kd5 Qd1+ 60. Qd4 1-0

[Event "PRVA LIGA CENTRALNE SRBIJE 2015"]
[Site "Kragujevac"]
[Date "2015.09.07"]
[Round "4.6"]
[White "Gajic, Mladen"]
[Black "Kostic, Vladimir G"]
[Result "1-0"]
[WhiteElo "2253"]
[BlackElo "2367"]
[PlyCount "109"]
[EventDate "2015.09.05"]

1. d4 d5 2. Bf4 e6 3. e3 Bd6 4. Qg4 Kf8 5. Qf3 Nc6 6. Nc3 a6 7. Bd3 Nf6 8. Nge2
e5 9. dxe5 Nxe5 10. Bxe5 Bxe5 11. Bf5 Bxf5 12. Qxf5 Qe7 13. O-O c6 14. g3 Re8
15. Qd3 h5 16. Kg2 h4 17. Rae1 Qd7 18. Rh1 h3+ 19. Kf1 Qg4 20. Ng1 Qb4 21. Nge2
g6 22. Nd1 Ne4 23. c3 Qc4 24. Nc1 Qa4 25. f3 Nf6 26. Kf2 Kg7 27. Rhf1 c5 28.
Kg1 Qc6 29. Qd2 Bc7 30. Nf2 Bb6 31. Ncd3 c4 32. Nb4 Qe6 33. Nc2 Qf5 34. Nh1 Re7
35. Nd4 Qh5 36. Re2 Rhe8 37. g4 Qg5 38. Rfe1 Kf8 39. Nf2 Qh4 40. Kh1 Nh7 41.
Rg1 Ng5 42. Rg3 Qh8 43. Qe1 Bc7 44. f4 Ne4 45. Nxe4 Rxe4 46. Qf1 Bb6 47. Rxh3
Qg7 48. g5 Bxd4 49. cxd4 f5 50. gxf6 Qxf6 51. Rg3 b5 52. Qe1 Qe7 53. f5 Rxd4
54. Rxg6 Rf4 55. Re6 1-0